LEADER 01503nam a2200337 u 4500 001 000000045789 003 CaOOAMICUS 005 20070226114712.0 008 990615s1985 fr u000 u fre u 020 $a2711642569 035 $a10826918 040 $aEFR$bita$dPUL(R) 100 1 $aFaucon de Boylesve, Pierre,$cO.P.$0(OLS)http://pul/name/33365 245 10$aEtre et savoir :$bétude du fondement de l'intelligibilité dans la pensée médiévale /$cdar Pierre Faucon de Boylesve [et al.] ; préf. de Pierre Aubenque. 260 $aParis :$bJ. Vrin,$c1985. 300 $avii, 383 p. ;$c24 cm 490 1 $aBibliothèque thomiste ;$v45 504 $aBibliografia in nota. 650 4$aFilosofia medievale.$0(OLS)http://pul/subject/139 650 4$aFilosofia cristiana.$0(OLS)http://pul/subject/972 650 4$aTomismo.$0(OLS)http://pul/subject/597 700 1 $aAubenque, Pierre.$0(OLS)http://pul/name/22709 830 0$aBibliothèque thomiste ;$v45.$0(OLS)http://pul/title/1273 850 $aPUL 852 $aPUL$W1$xSL Religione 1$y3$m78 D 10$j61472$nBK-PRI$b $qStampati$B61472$CPULBib$Z2$F61472 $H $81 941 1 $a8 960 $aFilosofia medioevale$9139 961 $aINV: 55379 996 $6020$a2711642569$9(OLS)http://pul/number/57108 996 $6245$aEtre et savoir :$bétude du fondement de l'intelligibilité dans la pensée médiévale$9(OLS)http://pul/title/61749 996 $6260$aParis :$bJ. Vrin$9(OLS)http://pul/publisher/48393 LEADER 01389nam a2200337 a 4500 001 000000123105 003 CaOOAMICUS 005 20100927152923.0 008 100927t2009 sp u000 u spa r 020 $a978-84-330-2365-0 040 $aPUL$bita 082 04$a235 100 1 $aMartín de la Hoz, José Carlos.$0(OLS)http://pul/name/77425 245 10$aCausas de canonización y milagros /$cJosé Carlos Martín de la Hoz, Ricardo Quintana Bescós. 260 $aBilbao :$bDesclée De Brouwer,$c©2009. 300 $a169 p. ;$c19 cm 490 1 $aPreguntas ;$v21 504 $aBibliografia p. [161]-169. 650 4$aCanonizzazione.$0(OLS)http://pul/subject/617 700 1 $aQuintana Bescós, Ricardo.$0(OLS)http://pul/name/64021 830 0$aPreguntas ;$v21.$0(OLS)http://pul/title/155156 850 $aPUL 852 $aPUL$W1$xSL Religione 3$y85$m235 MARJO 1$j141473$qDDC 21$B140509$CPULBib$Z2$F140509 $H114072 $82 941 1 $a9 960 $aBeatificazione e canonizzazione$9617 960 $aBeatificazione e canonizzazione$9617 996 $6020$a978-84-330-2365-0$9(OLS)http://pul/number/145457 996 $6082$a235$9(OLS)http://pul/classification/630 996 $6245$aCausas de canonización y milagros$9(OLS)http://pul/title/155154 996 $6260$aBilbao :$bDesclée De Brouwer$9(OLS)http://pul/publisher/74347